[Event "Challenge"]
[Site "http://www.queenalice.com/game.php?id=295346"]
[Date "2007.10.30"]
[Round "-"]
[White "anghellic28"]
[Black "Hugohg"]
[Result "1-0"]
[WhiteElo "1334"]
[BlackElo "1354"]

1. c3 e6 2. e4 Nf6 3. e5 Nd5 4. g3 b6 5. d4 Ba6 6. c4 Nb4 7. d5 exd5 8. cxd5 Qe7
9. f4 f6 10. d6 cxd6 11. Bg2 dxe5 12. fxe5 Qxe5+ 13. Ne2 Bc4 14. O-O Bxa2 15.
Nbc3 Bc4 16. Bf4 Qf5 17. Nd4 g5 18. Nxf5 gxf4 19. Re1+ Kf7 20. Qh5+ Kg8 21. Re8
Nc2 22. Ne7+ Kg7 23. Qg4+ Kf7 24. Bxa8 Bxe7 25. Rxh8 Na6 26. Qg8# 1-0

[Event "Challenge"]
[Site "http://www.queenalice.com/game.php?id=299305"]
[Date "2007.11.6"]
[Round "-"]
[White "russanow1"]
[Black "anghellic28"]
[Result "0-1"]
[WhiteElo "1415"]
[BlackElo "1262"]

1. e4 e6 2. e5 d5 3. d4 f6 4. f4 fxe5 5. fxe5 b5 6. b4 Bxb4+ 7. c3 Qh4+ 8. g3
Qe4+ 9. Qe2 Bxc3+ 10. Nxc3 Qxh1 11. Kf2 Qxh2+ 12. Bg2 Ne7 13. Qg4 Nf5 14. Nxb5
Na6 15. Nf3 h5 16. Qg5 h4 17. Nxh2 hxg3+ 18. Kf3 gxh2 19. Bf4 Nh4+ 20. Kf2 Nxg2
21. Qxg2 Bd7 22. Nc3 Nb4 23. Bxh2 Rf8+ 24. Kg1 Rf7 25. Rf1 Rf5 26. Qg6+ Kd8 27.
Rxf5 exf5 28. e6 Be8 29. Qxg7 Nc6 30. Nxd5 Rb8 31. Qe7+ Nxe7 32. Bxc7+ Kc8 33.
Bxb8 Nxd5 34. Bxa7 Nc3 35. Kf2 Nxa2 36. Kf3 Nc3 37. Kf4 Bg6 38. Kg5 Bh7 39. Bb6
Nd5 40. Bc5 f4 41. Kg4 Be4 42. e7 Kd7 43. Kg5 f3 44. Kg4 f2 0-1

[Event "Challenge"]
[Site "http://www.queenalice.com/game.php?id=301517"]
[Date "2007.11.10"]
[Round "-"]
[White "mogerio"]
[Black "anghellic28"]
[Result "0-1"]
[WhiteElo "1283"]
[BlackElo "1316"]

1. e4 e5 2. d4 exd4 3. Qxd4 c5 4. Qe5+ Be7 5. Bg5 f6 6. Qf4 fxg5 7. Qf5 g6 8.
Qf3 c4 9. Nc3 Nf6 10. O-O-O g4 11. Qg3 h5 12. b3 h4 13. Qe3 cxb3 14. cxb3 Rh5
15. Bc4 Qa5 16. Nb1 Ba3+ 17. Kc2 Bc5 18. Qe2 Qxa2+ 19. Kc1 Qa5 20. Qd2 Ba3+ 21.
Kc2 Bb4 22. Qd3 Qa2+ 23. Kc1 Ba3+ 24. Nxa3 Qxa3+ 25. Kc2 Qa2+ 26. Kc3 Rc5 27. b4
Qa3+ 28. Kd4 Qxb4 29. e5 Nc6+ 30. Ke3 Rxe5+ 31. Kf4 g5# 0-1

[Event "Challenge"]
[Site "http://www.queenalice.com/game.php?id=301681"]
[Date "2007.11.10"]
[Round "-"]
[White "anghellic28"]
[Black "crank_I_bator"]
[Result "0-1"]
[WhiteElo "1315"]
[BlackElo "1314"]

1. e4 c5 2. c3 Nf6 3. f3 g5 4. e5 Nd5 5. Ne2 Nc6 6. d4 cxd4 7. cxd4 f6 8. exf6
exf6 9. Nbc3 Nf4 10. Nxf4 gxf4 11. Bxf4 Qe7+ 12. Ne4 f5 13. d5 fxe4 14. dxc6
exf3+ 15. Kf2 Qe4 16. gxf3 Bc5+ 17. Kg2 Rg8+ 18. Kh3 dxc6+ 19. Kh4 Qxf4+ 20. Kh5
Qg5# 0-1

[Event "Challenge"]
[Site "http://www.queenalice.com/game.php?id=301682"]
[Date "2007.11.10"]
[Round "-"]
[White "russanow1"]
[Black "anghellic28"]
[Result "1-0"]
[WhiteElo "1477"]
[BlackElo "1312"]

1. e4 e5 2. Nf3 Nc6 3. d4 f6 4. d5 Na5 5. c4 Bb4+ 6. Bd2 c5 7. Bxb4 cxb4 8. b3
d6 9. a3 Nxb3 10. Qxb3 a5 11. axb4 b6 12. b5 h5 13. h4 g6 14. Be2 Nh6 15. Nh2 f5
16. f3 fxe4 17. fxe4 Rf8 18. Rf1 Qxh4+ 19. Rf2 Qxf2+ 20. Kd1 Qg1+ 21. Nf1 Qxg2
22. Nbd2 Rf2 23. Qe3 Ng4 24. Qxb6 Rxe2 25. Qc6+ Kd8 26. Qxa8 Nf2+ 27. Kxe2 Nxe4+
28. Ke1 Qf2+ 29. Kd1 Nc3+ 30. Kc2 Ne4 31. Qxa5+ Ke7 32. Qc7+ Kf6 33. Qxc8 h4 34.
Qe6+ Kg5 35. Qh3 Qf4 36. b6 Nc5 37. Rb1 e4 38. b7 Na6 39. Rb6 Nb8 40. Qc8 e3 41.
Qxb8 e2 42. Rb1 Qf5+ 43. Kb2 Qe5+ 44. Kc2 exf1=Q 45. Nxf1 Qe2+ 46. Nd2 Qg4 47.
Qxd6 Qf5+ 48. Kd1 1-0

[Event "Challenge"]
[Site "http://www.queenalice.com/game.php?id=301739"]
[Date "2007.11.10"]
[Round "-"]
[White "anghellic28"]
[Black "Capixaba789"]
[Result "0-1"]
[WhiteElo "1293"]
[BlackElo "1415"]

1. e4 e5 2. Nf3 Nc6 3. Nc3 d6 4. d3 Bg4 5. h3 Bh5 6. g4 Bg6 7. Nd5 Nf6 8. Bg5
Be7 9. h4 h6 10. Bxf6 Bxf6 11. c3 Qd7 12. Bh3 Qd8 13. h5 Bh7 14. d4 Bxe4 15.
dxe5 dxe5 16. g5 Bxg5 17. Rg1 Qxd5 18. Nd2 Bxd2+ 19. Kf1 Qd3+ 20. Qe2 Qxh3+ 21.
Rg2 Qxg2# 0-1

[Event "Challenge"]
[Site "http://www.queenalice.com/game.php?id=303809"]
[Date "2007.11.14"]
[Round "-"]
[White "anghellic28"]
[Black "appalachia"]
[Result "1-0"]
[WhiteElo "1289"]
[BlackElo "1348"]

1. e4 d5 2. e5 c5 3. f4 d4 4. c4 Bf5 5. d3 Qd7 6. b3 Bg4 7. Qd2 Qf5 8. h3 Bh5 9.
g4 Bxg4 10. hxg4 Qe6 11. Na3 f6 12. Nb5 Na6 13. Rh4 f5 14. Bg2 Rb8 15. Ba3 fxg4
16. Bxc5 b6 17. O-O-O Nh6 18. Bd5 Qg6 19. Rf1 e6 20. Bc6+ Kd8 21. Bxd4 Bb4 22.
Qb2 Qxd3 23. Rd1 Qg3 24. Bxb6+ Ke7 25. Rd7+ Kf8 26. a3 Qxh4 27. axb4 Qe1+ 28.
Kc2 Qg3 29. Bc5+ Nxc5 30. bxc5 Qxg1 31. Nc7 Qf2+ 32. Kc3 Qxf4 33. Nxe6+ Ke8 34.
Nxf4 Nf5 35. Rb7+ 1-0

[Event "Challenge"]
[Site "http://www.queenalice.com/game.php?id=306635"]
[Date "2007.11.19"]
[Round "-"]
[White "lejunges"]
[Black "anghellic28"]
[Result "1-0"]
[WhiteElo "1491"]
[BlackElo "1330"]

1. Nf3 e6 2. d3 d5 3. e4 Nf6 4. exd5 Nxd5 5. Nc3 c5 6. b3 f6 7. Nxd5 Qxd5 8. c4
Qc6 9. Be2 e5 10. Bb2 Bd6 11. Rc1 O-O 12. O-O e4 13. Nd2 Qc7 14. Nxe4 Bxh2+ 15.
Kh1 f5 16. g3 fxe4 17. Kxh2 Nd7 18. dxe4 Qd6 19. Qc2 Qh6+ 20. Kg2 b6 21. Rcd1
Nf6 22. Rh1 Qg5 23. e5 Ng4 24. Qxh7+ Kf7 25. Rd7+ Bxd7 26. Rh5 Bc6+ 27. Bf3 Qg6
28. Bxc6 Qxc6+ 29. Kh3 Nxf2+ 30. Kh4 Qf3 31. Rf5+ Ke8 32. Rxf3 Rxf3 33. Qh8+ Kf7
34. Qh5+ Ke6 35. Qxf3 Rh8+ 36. Kg5 Nh3+ 37. Kg6 Rg8 38. Qf7# 1-0

[Event "Challenge"]
[Site "http://www.queenalice.com/game.php?id=306652"]
[Date "2007.11.19"]
[Round "-"]
[White "anghellic28"]
[Black "russanow1"]
[Result "1-0"]
[WhiteElo "1271"]
[BlackElo "1490"]

1. e4 e5 2. Nf3 Nc6 3. Nc3 Nf6 4. Bc4 a6 5. a4 Nh5 6. g4 Nf4 7. h4 h5 8. Ng5
hxg4 9. Bxf7+ Ke7 10. Qxg4 Nd4 11. Nd5+ Nxd5 12. exd5 Nxc2+ 13. Kd1 Nxa1 14. Qf5
Nb3 15. Qxe5# 1-0

[Event "Challenge"]
[Site "http://www.queenalice.com/game.php?id=306703"]
[Date "2007.11.19"]
[Round "-"]
[White "anghellic28"]
[Black "russanow1"]
[Result "0-1"]
[WhiteElo "1317"]
[BlackElo "1458"]

1. e4 e5 2. Nc3 Nf6 3. Nf3 d5 4. Nxe5 Bd6 5. f4 Bxe5 6. fxe5 Nxe4 7. Nb5 c6 8.
Nd6+ Nxd6 9. exd6 Qxd6 10. Qf3 O-O 11. d4 f6 12. Bf4 Qb4+ 13. c3 Qxb2 14. Rd1
Re8+ 15. Be3 Qxc3+ 16. Ke2 Bg4 17. Qxg4 Qxe3# 0-1

[Event "Challenge"]
[Site "http://www.queenalice.com/game.php?id=307201"]
[Date "2007.11.20"]
[Round "-"]
[White "anghellic28"]
[Black "russanow1"]
[Result "0-1"]
[WhiteElo "1329"]
[BlackElo "1490"]

1. Nf3 Nc6 2. Nc3 d5 3. e4 dxe4 4. Nxe4 e5 5. c3 Nf6 6. Neg5 e4 7. Nh4 h6 8.
Nxf7 Kxf7 9. Bc4+ Nd5 10. Qb3 Ke6 11. f4 Qxh4+ 12. g3 Qd8 13. O-O g6 14. g4 b6
15. f5+ gxf5 16. gxf5+ Kd6 17. Qa3+ Ke5 18. d4+ Nxd4 19. cxd4+ Kxd4 20. Rd1+
Kxc4 21. Qb3+ Kc5 22. Be3+ Kc6 23. Rac1+ Kb7 24. a4 Rg8+ 25. Kf2 Qh4+ 26. Ke2
Qxh2+ 27. Bf2 Qh5+ 28. Kd2 Bb4+ 29. Kc2 Qxf5 30. Rxd5 Qxf2+ 31. Kb1 Be6 32. Qxb4
Bxd5 33. a5 Rg1 34. axb6 Rxc1+ 35. Kxc1 axb6 0-1

[Event "Challenge"]
[Site "http://www.queenalice.com/game.php?id=308440"]
[Date "2007.11.22"]
[Round "-"]
[White "anghellic28"]
[Black "russanow1"]
[Result "0-1"]
[WhiteElo "1334"]
[BlackElo "1546"]

1. e4 e5 2. Nf3 Nc6 3. d3 d5 4. exd5 Qxd5 5. Nc3 Qd7 6. Qe2 f6 7. g4 g5 8. Ne4
Qxg4 9. a3 h6 10. c3 Bf5 11. h3 Qh5 12. d4 g4 13. Qb5 Bxe4 14. Qxb7 Rb8 15. Qxc7
gxf3 16. Rg1 exd4 17. cxd4 Rd8 18. Rg4 Qd5 19. Bd2 Nge7 20. Bb5 Qxd4 21. Qf4 h5
22. Rh4 Qxb2 23. Qxe4 Qxa1+ 24. Bc1 Qxc1# 0-1

[Event "Challenge"]
[Site "http://www.queenalice.com/game.php?id=308794"]
[Date "2007.11.23"]
[Round "-"]
[White "samueneotaviano"]
[Black "anghellic28"]
[Result "1-0"]
[WhiteElo "1230"]
[BlackElo "1351"]

1. d4 d5 2. f4 e6 3. b4 Bxb4+ 4. c3 Ba5 5. a4 Nf6 6. h4 Ne4 7. Qd3 Ng3 8. Qxg3
f5 9. Qxg7 Rf8 10. Qxh7 b6 11. Ba3 Rf7 12. Qg8+ Rf8 13. Bxf8 Kd7 14. e3 Nc6 15.
Bb5 a6 16. Qf7+ Qe7 17. Qxe7# 1-0

[Event "Challenge"]
[Site "http://www.queenalice.com/game.php?id=309553"]
[Date "2007.11.24"]
[Round "-"]
[White "Gaelle"]
[Black "anghellic28"]
[Result "0-1"]
[WhiteElo "1309"]
[BlackElo "1318"]

1. e4 e5 2. Bc4 Nf6 3. Qf3 Qe7 4. Nh3 c6 5. Ng5 d5 6. exd5 cxd5 7. Bb5+ Bd7 8.
a4 e4 9. Qc3 g6 10. Qc7 Bh6 11. Qxb7 Bxg5 12. Qxa8 O-O 13. Ra3 Bf5 14. Rg3 Nh5
15. Rxg5 Qxg5 16. Qxd5 Nf4 17. h4 Qxg2 18. Rf1 Nxd5 19. d4 exd3 20. cxd3 Nb4 21.
Bh6 Nxd3+ 22. Ke2 Qe4+ 23. Be3 Nf4+ 24. Kd2 Rd8+ 25. Kc3 Rc8+ 26. Kd2 Qd5+ 27.
Ke1 Qxb5 28. Bxf4 Qxb2 29. Nd2 Bd3 30. Kd1 Qc1# 0-1

[Event "Challenge"]
[Site "http://www.queenalice.com/game.php?id=311610"]
[Date "2007.11.28"]
[Round "-"]
[White "anghellic28"]
[Black "russanow1"]
[Result "0-1"]
[WhiteElo "1325"]
[BlackElo "1546"]

1. Nc3 d5 2. e3 e5 3. e4 d4 4. Na4 c5 5. c4 Nf6 6. d3 Nc6 7. f3 b6 8. a3 Ba6 9.
Nh3 h6 10. g3 g5 11. f4 gxf4 12. gxf4 h5 13. f5 Ng4 14. Qd2 Bh6 15. Qe2 f6 16.
Ng1 Ne3 17. Qxh5+ Kd7 18. Qf7+ Qe7 19. Qh5 Nc2+ 20. Kd1 Nxa1 21. Nf3 Nb3 22. Nh4
Qg7 23. Ng6 Rh7 24. Rg1 Nxc1 25. Nxe5+ Nxe5 26. Rxg7+ Rxg7 27. Qxh6 Rg1 28. Qxc1
Rxf1+ 0-1

[Event "Challenge"]
[Site "http://www.queenalice.com/game.php?id=316755"]
[Date "2007.12.7"]
[Round "-"]
[White "samueneotaviano"]
[Black "anghellic28"]
[Result "1-0"]
[WhiteElo "1278"]
[BlackElo "1304"]

1. d4 d5 2. a4 f6 3. h4 e5 4. c3 e4 5. e3 Nc6 6. b4 a5 7. b5 Nce7 8. f4 Nf5 9.
h5 Ng3 10. Rh3 Nxf1 11. Kxf1 Ne7 12. g4 f5 13. g5 h6 14. g6 c6 15. Qb3 Ng8 16.
Ba3 Nf6 17. Bxf8 Rxf8 18. Nf3 Ng4 19. Ke2 Qb6 20. c4 dxc4 21. Qxc4 Rf6 22. Qg8+
Rf8 23. Qxg7 Be6 24. Nbd2 cxb5 25. Rb1 b4 26. Ne5 Nf6 27. Qxh6 Nd5 28. Kf2 Qc7
29. g7 Rg8 30. Qxe6+ Ne7 31. Qd7+ Qxd7 32. Nxd7 Kxd7 33. h6 Rgc8 34. h7 Ng6 35.
g8=Q Rxg8 36. hxg8=Q Rxg8 37. Rh7+ Ne7 38. Nf3 exf3 39. Kxf3 Kd6 40. Rc1 b3 41.
Rb1 Rg4 42. Rxb3 Nd5 43. Rbxb7 Nxe3 44. Kxe3 Rg3+ 45. Kf2 Kd5 46. Kxg3 Kxd4 47.
Kf3 1-0

[Event "Challenge"]
[Site "http://www.queenalice.com/game.php?id=319427"]
[Date "2007.12.13"]
[Round "-"]
[White "anghellic28"]
[Black "crank_I_bator"]
[Result "0-1"]
[WhiteElo "1320"]
[BlackElo "1325"]

1. e4 e5 2. Nc3 Nf6 3. f3 d6 4. Nge2 Nh5 5. Nd5 Qh4+ 6. g3 Qd8 7. d3 c6 8. g4
cxd5 9. gxh5 Qh4+ 10. Ng3 dxe4 11. dxe4 Bh3 12. Bc4 Bg2 13. Rg1 Qxh2 14. Be3
Qxg3+ 15. Ke2 Qxf3+ 16. Kd2 Qh3 17. Bb5+ Nc6 18. Qe2 d5 19. Rxg2 a6 20. Bd3 Nb4
21. Rh2 Qe6 22. exd5 Qxd5 23. Rh4 Nxd3 24. cxd3 Qd8 25. Rah1 Be7 26. Re4 O-O 27.
h6 Qa5+ 28. Kc2 Rac8+ 29. Kd1 Qxa2 30. Rg1 Qb1+ 31. Kd2 Rc2# 0-1

[Event "Challenge"]
[Site "http://www.queenalice.com/game.php?id=341556"]
[Date "2008.1.23"]
[Round "-"]
[White "Youngknight"]
[Black "anghellic28"]
[Result "1-0"]
[WhiteElo "1612"]
[BlackElo "1307"]

1. e4 e5 2. d3 d5 3. f3 d4 4. c3 c5 5. Ne2 g6 6. Ng3 f5 7. f4 Bh6 8. fxe5 f4 9.
Ne2 Qh4+ 10. g3 Qg4 11. cxd4 Qf3 12. Rg1 cxd4 13. gxf4 Bf8 14. Bg2 Bb4+ 15. Bd2
Bxd2+ 16. Nxd2 Qh5 17. Nf3 Nc6 18. Ng3 Qh6 19. f5 g5 20. f6 Be6 21. Nxd4 Nxd4
22. Qa4+ Bd7 23. Qxd4 Rd8 24. f7+ Ke7 25. fxg8=Q Rhxg8 26. Qd6+ Qxd6 27. exd6+
Kxd6 28. O-O-O 1-0

[Event "Challenge"]
[Site "http://www.queenalice.com/game.php?id=341557"]
[Date "2008.1.23"]
[Round "-"]
[White "anghellic28"]
[Black "Youngknight"]
[Result "0-1"]
[WhiteElo "1307"]
[BlackElo "1646"]

1. e4 e5 2. c3 Nc6 3. f3 Nf6 4. d4 d5 5. Ne2 dxe4 6. d5 Nxd5 7. fxe4 Nf6 8. b4
Qxd1+ 9. Kxd1 Nxe4 10. b5 Ne7 11. Ng3 Nf2+ 12. Ke1 Nxh1 13. Nxh1 Bf5 14. Nd2
O-O-O 15. Nc4 Ng6 16. Ng3 Be6 17. Rb1 Bxc4 18. Bxc4 f6 19. Be6+ Kb8 20. Be3 Rd3
21. Nf5 Rxc3 22. Bd2 Rd3 23. Rc1 Ba3 24. Rc4 Rhd8 25. Rc3 Rxc3 26. Bxc3 Nf4 27.
Kf2 Bc5+ 28. Ne3 Nxe6 29. Ke2 Nf4+ 0-1